| 000 | 00448nam a2200169Ia 4500 | ||
|---|---|---|---|
| 008 | 210210b1977 xxu||||| |||| 00| 0 eng d | ||
| 020 | _a0 1402 0959 X | ||
| 082 | _a301 AROM | ||
| 100 | _aARON (Raymond). | ||
| 245 | _aMain currents in sociological thought. Vol.1 | ||
| 260 |
_aNew York. _bPenguin Books _c1977 |
||
| 300 | _a270 | ||
| 440 | _a1 | ||
| 650 | _aComte, Montesquieu, Marx, Tocqueville | ||
| 690 | _aSociology | ||
| 906 | _aSG01572 | ||
| 999 |
_c112671 _d112671 |
||